Matrix Groups

Spremljeno u:
Bibliografski detalji
Glavni autor: Curtis, Morton L (Autor)
Format: Knjiga
Jezik:engleski
Izdano: Nueva York Springer-Verlag 1979
Serija:Universitext
Teme:
Oznake: Dodaj oznaku
Bez oznaka, Budi prvi tko označuje ovaj zapis!

MARC

LEADER 00000nam a2200000 a 4500
001 UCQ8903
003 CL-VaPUC
008 981217e19790000US |||||||||||||||||eng|d
082 0 4 |a 512.2  |b CUR  |2 21 
100 0 |a Curtis, Morton L  |e author  |9 423212 
245 1 0 |a Matrix Groups 
300 |a 191 p 
942 |c BK 
945 |d 19981217 00:00:00  |a crobeson 
260 |a Nueva York  |b Springer-Verlag  |c 1979 
650 7 |a GRUPOS  |2 CL-VaPUC  |9 336429 
650 0 |a Teoría de grupos   |9 270028 
583 |a last modification  |c 19981217 00:00:00  |k Rodrigo Vera 
490 0 |a Universitext 
999 |c 278068  |d 278066 
952 |0 0  |1 0  |4 0  |6 512_200000000000000_CUR_1979  |7 0  |8 A  |9 316406  |a BIBMAT  |b BIBMAT  |d 2019-11-20  |i 1305778  |o 512.2 CUR 1979  |p 1305778  |r 2025-01-07  |w 2019-11-20  |y BK  |k MAT 
952 |0 0  |1 0  |4 0  |6 512_200000000000000_CUR_1979  |7 0  |8 A  |9 316407  |a BIBMAT  |b BIBMAT  |d 2019-11-20  |i 1305786  |o 512.2 CUR 1979  |p 1305786  |r 2025-01-07  |w 2019-11-20  |y BK  |k MAT